000 00519nam a22002177a 4500
003 UA-OsUOA
001 85279
007 ta
008 20120621b un ||||| |||| 00| 0 ukr d
100 _aLubomyrsky S.
090 _a821.111
942 _cBK
040 _aUA-OsUOA
_beng
_cUA-OsUOA
_dUA-OsUOA
245 _aUnder the Hammer of War
300 _a724 с.
955 _a3
041 _aeng
080 _a821.111
650 7 _a82 Література. Літературознавство
_2UDC
999 _c371563
_d371563